|
|
|
|
| LEADER |
00000nam0a2200000 4500 |
| 001 |
282554 |
| 005 |
20231101235517.0 |
| 035 |
|
|
|a (RuTPU)RU\TPU\book\306484
|
| 090 |
|
|
|a 282554
|
| 100 |
|
|
|a 20150202d1984 k y0rusy50 ca
|
| 101 |
0 |
|
|a rus
|
| 102 |
|
|
|a UA
|
| 105 |
|
|
|a y z 001zy
|
| 200 |
1 |
|
|a Экономические и правовые основы функционирования вычислительных центров
|e сборник научных трудов
|f Академия наук Украинской ССР (АН УССР), Институт экономики промышленности (ИЭП) ; под ред. Л. Ш. Гафта
|
| 210 |
|
|
|a Донецк
|c Изд-во ИЭП АН УССР
|d 1984
|
| 215 |
|
|
|a 168 с.
|
| 320 |
|
|
|a Библиогр. в конце ст.
|
| 606 |
1 |
|
|a Вычислительные центры
|x Экономика
|2 stltpush
|3 (RuTPU)RU\TPU\subj\4477
|9 32746
|
| 610 |
1 |
|
|a отраслевые системы
|
| 610 |
1 |
|
|a управление
|
| 610 |
1 |
|
|a экономические основы
|
| 610 |
1 |
|
|a правовые основы
|
| 610 |
1 |
|
|a экономическая эффективность
|
| 610 |
1 |
|
|a калькулирование
|
| 610 |
1 |
|
|a планирование
|
| 610 |
1 |
|
|a ЭВМ
|
| 610 |
1 |
|
|a вычислительная техника
|
| 610 |
1 |
|
|a производственная деятельность
|
| 675 |
|
|
|a 681.3.006.3
|v 3
|
| 702 |
|
1 |
|a Гафт
|b Л. Ш.
|g Леонид Шевелевич
|4 340
|
| 712 |
0 |
2 |
|a Академия наук Украинской ССР (АН УССР)
|b Институт экономики промышленности (ИЭП)
|c (Донецк)
|2 stltpush
|3 (RuTPU)RU\TPU\col\13774
|
| 801 |
|
1 |
|a RU
|b 63413507
|c 20150202
|
| 801 |
|
2 |
|a RU
|b 63413507
|c 20191206
|g RCR
|
| 942 |
|
|
|c BK
|